IMPOSSIBLE Name a City - You will Fail! - Statistics

General Stats
  • This quiz has been taken 2,170 times
  • The average score is 7 of 26
Answer Stats
Quiz Place % Cities % Correct
Name a City - Places #1 Afghanistan 36 Herat | Kandahar | Mazar-i-Sharif | Jalalabad | Kunduz
70%
Name a City - European Countries Moldova 15 Tiraspol | Balti | Bender | Ribnita | Ugheni
56%
Name a City - European Countries Albania 17 Durrës | Vlorë | Elbasan | Shkodër | Fier
55%
Name a City - European Countries Slovakia 18 Kosice | Presov | Zillina | Banska Bystrica | Nitra
55%
Name a City - American Countries Venezuela 23 Valencia | Barquisimeto | Ciudad Guayana | Maturin | Maracay
48%
Name a City - Places #1 New Mexico 20 Las Cruces | Rio Rancho | Roswell | Farmington | Clovis
42%
Name a City - African Countries Ivory Coast 11 Bouake | Daloa | Korhogo | San Pedro | Gagnoa
40%
Name a City - American Countries Honduras 24 San Pedro Sula | Choloma | La Ceiba | El Progreso | Comayagua
38%
Name a City - American Countries Dominican Republic 23 Santiago | Los Alcarrizos | La Romana | San Pedro de Macoris | Higuey
36%
Name a City - Asian Countries Kazakhstan 17 Shymkent | Qaragandy | Aqtobe | Taraz | Pavlodar
32%
Name a City - Asian Countries North Korea 15 Hamhung | Chongjin | Sinuiju | Wonsan | Nampo
29%
Name a City - U.S. States Rhode Island 15 Cranston | Warwick | Pawtucket | East Providence | Woonsocket
27%
EXTREME Name a City - European Countries North Macedonia 18 Kumanovo | Bitola | Prilep | Tetovo | Stip
26%
Name a City - Places #1 Alberta 14 Red Deer | Lethbridge | Airdrie | St. Albert | Grande Prairie
24%
Name a City - African Countries Senegal 11 Touba | Thies | Kaolack | Mbour | Rufisque
21%
Name a City - U.S. States Nebraska 13 Bellevue | Grand Island | Kearney | Fremont | Hastings
20%
Name a City - Asian Countries Jordan 13 Zarqa | Irbid | Russeifa | Al Quwaysimah | Khilda
20%
Name a City - U.S. States Vermont 10 Essex | South Burlington | Colchester | Bennington | Rutland
19%
EXTREME Name a City - European Countries Liechtenstein 11 Triesen | Balzers | Eschen | Mauren | Triesenberg
17%
EXTREME Name a City - European Countries San Marino 5 Borgo Maggiore | Domagnano | Fiorentino | Acquaviva | Faetano
13%
Name a City - African Countries Zambia 12 Kitwe | Ndola | Kabwe | Chingola | Mufulira
13%
Name a City - Oceanian Countries Nauru 8 Arijejen | Denigomudu | Meneng | Boe | Baitsi
4%
Name a City - Oceanian Countries Tonga 8 Neiafu | Tofoa-Koloua | Havelu | Vaini | Haateiho
3%
Name a City - Oceanian Countries Solomon Islands 8 Tandai | Auki | Malango | Gizo | Noro
3%
Name a City - Oceanian Countries Samoa 2 Vaitele | Faleasiu | Leauvaa | Vaiele | Siusega
2%
Name a City - Oceanian Countries Tuvalu 4 Savave | Motufoua | Teava | Tanrake | Tumaseu
1%
No matching quizzes found
Score Distribution
Percent of People with Each Score
Percentile by Number Answered
Your Score History
You have not taken this quiz